Innovación disruptiva para el cambio social (Registro nro. 10750)

Detalles MARC
000 -LEADER
fixed length control field 00463 a2200145 4500
001 - CONTROL NUMBER
control field ART_10075
005 - DATE AND TIME OF LATEST TRANSACTION
control field 20260410161612.0
008 - FIXED-LENGTH DATA ELEMENTS--GENERAL INFORMATION
fixed length control field 260409a
100 1# - MAIN ENTRY--PERSONAL NAME
Personal name Christensen, Clayton M.
245 10 - TITLE STATEMENT
Title Innovación disruptiva para el cambio social
700 1# - ADDED ENTRY--PERSONAL NAME
Personal name Baumann, Heiner
700 1# - ADDED ENTRY--PERSONAL NAME
Personal name Ruggles, Rudy
700 1# - ADDED ENTRY--PERSONAL NAME
Personal name Sadtler, Thomas M.
773 0# - HOST ITEM ENTRY
Title Harvard Business Review
Related parts Liberar un gran desempeño - Vol. 84, Nº 12 (dic. 2006)
Record control number REV340

No hay ítems disponibles.